El fantasma de canterville: y otros cuerpos /

Guardado en:
Autor Principal: Wilde, Oscar
Formato: Libro
Publicado: Buenos Aires : Centro Editor de América Latina, 2008.
Materias:
Etiquetas: Agregar Etiqueta
Sin Etiquetas, Sea el primero en etiquetar este registro!
LEADER 00705nam a22002055a 4500
001 CEM.cems018580
008 130507s2008##################000#0#####d
005 20220811161020.0
003 CEMS
245 1 0 |a El fantasma de canterville: y otros cuerpos /  |c Oscar Wilde 
260 |a Buenos Aires :  |b Centro Editor de América Latina,  |c 2008. 
300 |a 128p. ; 19cm. 
020 |a 9789871269211 
100 1 |a Wilde, Oscar 
082 0 4 |a 823 
653 |a Literatura juvenil 
653 |a Cuentos 
859 |a CEMS  |b BIB. CEMS - Agricultura  |h 891.628  |i W644-3  |p A2956.17  |t Ej.1 
859 |a CEMS  |b BIB. CEMS - Agricultura  |h 891.628  |i W644-3  |p A2957.17  |t Ej.2 
859 |a CEMS  |b BIB. CEMS - Agricultura  |h 891.628  |i W644-3  |p A2958.17  |t Ej.3